000 00428nam a2200181Ia 4500
005 20240823043349.0
008 240823s9999||||xx |||||||||||||| ||und||
041 _aENGLISH
082 _A004 P2
100 _aRajini S et al.
245 0 _aComputer Practice II
250 _a1st
260 _c2002
_bInder public
500 _aTRANSFERED
650 _aComputer Practice
_bComputer Science
942 _cBK
999 _c210060
_d210060